• 首页
  • 本馆介绍
  • 公告通知
  • 最新文献
  • 馆藏检索
  • 电子资源
  • 读者导购
  • 参考咨询
  • 我的图书馆
  • 登录
  • 详细信息显示
  • 放入我的书架
  • 预约/预借图书
  • 作者相关作品
  • 分类相关作品
  • 丛书相关作品
  • 出版社相关作品

书目信息

  • 表格格式
  • 工作单格式
  • 卡片格式
题名:
汉服怎么穿
    
 
作者: 颜紫陌 编著
分册:  
出版信息: 北京   电子工业出版社  2021.1
页数: 189页
开本: 26cm
丛书名:
单 册:
中图分类: TS941.742.811
科图分类:
主题词: 汉族--民族服饰--服饰文化--中国
电子资源:
ISBN: 978-7-121-38411-0
000 00837nam0 2200229 45
001 012001001223
005 20140913102826.0
010    @a978-7-121-38411-0@dCNY98.00
100    @a20200421d2020 em y0chiy50 ea
101 0  @achi
102    @aCN@b110000
105    @aa z 000yy
106    @ar
200 1  @a汉服怎么穿@Ahan fu zen me chuan@b专著@f颜紫陌编著
210    @a北京@c电子工业出版社@d2021.1
215    @a189页@c彩图,彩照@d26cm
330    @a本书分为时令汉服、汉服制作、历代汉服三个章节。时令汉服根据不同时间、节日向读者推荐得体应景的汉服搭配,汉服制作列举常见汉服的制作过程,历代汉服介绍汉服的起源与服制沿革,并附带实用的剪裁、打板图样。
606 0  @a汉族@x民族服饰@x服饰文化@y中国
690    @aTS941.742.811@v5
701  0 @a颜紫陌@Ayan zi mo@4编著
801  0 @aCN@bBJSDL@c20211011
905    @b1333526-9@dTS941.742.811@e118@f4
    
    汉服怎么穿/颜紫陌编著.-北京:电子工业出版社,2021.1
    189页:彩图,彩照;26cm
    
    
    ISBN 978-7-121-38411-0:CNY98.00
    本书分为时令汉服、汉服制作、历代汉服三个章节。时令汉服根据不同时间、节日向读者推荐得体应景的汉服搭配,汉服制作列举常见汉服的制作过程,历代汉服介绍汉服的起源与服制沿革,并附带实用的剪裁、打板图样。
●
相关链接 在E读中查询图书 在五车中查询图书 在当当中查询图书 在豆瓣中查询图书


正题名:汉服怎么穿     索取号:TS941.742.811/118         预约/预借

序号 登录号 条形码 馆藏地/架位号 状态 备注
1 1333526   213335265   第二样本阅览室/ [索取号:TS941.742.811/118] 在馆    
2 1333527   213335274   第三借阅区/ [索取号:TS941.742.811/118] 在馆    
3 1333528   213335283   第三借阅区/ [索取号:TS941.742.811/118] 在馆    
4 1333529   213335292   第三借阅区/ [索取号:TS941.742.811/118] 在馆    
唐山师范学院图书馆 欢迎您!
大连网信软件有限公司© 版权所有